[Event "Leitersdorf Region-ch"]
[Site "Leitersdorf"]
[Date "2017.01.06"]
[Round "3.19"]
[White "Fellner, Gerhard"]
[Black "Lackner, Andreas"]
[Result "1/2-1/2"]
[WhiteElo "1595"]
[BlackElo "1322"]
[PlyCount "81"]
[EventDate "2017.01.04"]
[EventType "swiss"]
[EventRounds "5"]
[EventCountry "AUT"]
[SourceTitle "EXT 2024"]
[Source "ChessBase"]
[SourceDate "2023.10.10"]
[SourceVersion "1"]
[SourceVersionDate "2023.10.10"]
[SourceQuality "1"]

1. e4 c5 2. Bc4 Nc6 3. a3 d6 4. d3 g6 5. f4 Bg7 6. Nf3 Bg4 7. c3 e6 8. h3 Bxf3 9. Qxf3 Nge7 10. Bb5 a6 11. Bxc6+ Nxc6 12. Nd2 0-0 13. h4 f5 14. h5 Qf6 15. hxg6 hxg6 16. Nc4 e5 17. exf5 exf4 18. Qd5+ Rf7 19. Bxf4 Qxf5 20. Qxf5 Rxf5 21. Bxd6 Re8+ 22. Kd1 b5 23. Nd2 Re6 24. Ne4 c4 25. d4 Rd5 26. Kc2 Rdxd6 27. Nxd6 Rxd6 28. Rae1 Rf6 29. Re2 Kf7 30. Rhe1 Bf8 31. g4 Ne7 32. b3 Nd5 33. b4 Nf4 34. Rf2 Nd3 35. Rxf6+ Kxf6 36. Rf1+ Kg7 37. Kd2 Bd6 38. Ke3 g5 39. Rf5 Bf4+ 40. Ke4 Nf2+ 41. Kf3 1/2-1/2